Administración industrial: Alternativa para la gerencia técnica

Kaydedildi:
Detaylı Bibliyografya
Yazar: Ramírez Cavassa, César
Materyal Türü: Kitap
Baskı/Yayın Bilgisi: México Limusa 1991
Konular:
Etiketler: Etiketle
Etiket eklenmemiş, İlk siz ekleyin!

MARC

LEADER 00000nam a2200000Ia 4500
003 000762
005 20221231144014.0
008 140114s1991 mx a 000 ||s d
020 |a 9681840607 
040 |c cru CEDI 
082 |a 658.503 R173a 
100 |a Ramírez Cavassa, César  |9 18573 
245 |a Administración industrial: Alternativa para la gerencia técnica 
260 |a México Limusa  |c 1991 
300 |a 658 páginas ; ilsutraciones 
650 |x ADMINISTRACION INDUSTRIAL   |x ORGANIZACION INDUSTRIAL  |9 18574 
942 |2 ddc  |c BK 
999 |c 15508  |d 15508